| 000 | 01576nam a2200289 i 4500 | ||
|---|---|---|---|
| 003 | DO-SdBNP | ||
| 005 | 20251120073733.0 | ||
| 006 | a||||gr|||| 00| 0 | ||
| 007 | ta | ||
| 008 | 230731e2008 dr ad||| |||| 00| 0 spa d | ||
| 020 | _a9789945415223 | ||
| 040 |
_aDO-SdBNP _bspa _cBNPHU _erda |
||
| 082 | 4 |
_222 _bG216g |
|
| 245 | 1 | 0 |
_aGuía didáctica del libro constitución, democracia y ciudadanía". / _cGladis Graciela García Romero |
| 246 | 1 |
_aGuía didáctica del texto: _b"constitución, democracia y ciudadanía" |
|
| 264 | 1 |
_aSanto Domingo : _bBanco Popular Dominicano, _c2008 |
|
| 300 |
_a169 páginas : _bIlustraciones, gráficas ; _c25 cm. |
||
| 336 |
_2rdaconent _atexto _btxt |
||
| 337 |
_2rdamedia _asin medición _bnc |
||
| 338 |
_2rdacarrier _avolumen _bnc |
||
| 505 |
_aIntroducción. _gUnidad I. _tConcepto de Constitución. Origen _gUnidad II. _tLa Constitución: Instrumento de Organización del Estado.-- _gUnidad III. _tEl Poder y El Estado.-- _gUnidad IV. _tLa Reforma de la Constitución.-- _gUnidad V. _tDerechos y Deberes Fundamentales de las Personas.-- |
||
| 505 |
_aUnidad VI. _tNación, Estado y Constitución.-- _gUnidad VII. _tEl Gobierno.-- _gUnidad VIII. _tEl Sistema Político y el Estado.-- _gUnidad IX. _tPartidos Políticos, Estado y Constitución.-- _gUnidad X. _tLas Organizaciones y los Movimientos Sociales.-- _gUnidad XI. _tLa Ciudadanía y los Valores Democrático. |
||
| 590 | _aInventariado 2023 / MF | ||
| 710 | 2 |
_aConsorcio de Educación Cívica _956430 |
|
| 710 | 2 | 2 |
_aPontificia Universidad Católica Madre y Maestra _9843 |
| 942 |
_2ddc _cLBS1 |
||
| 999 |
_c54272 _d54272 |
||